000 01082naa a22003017a 4500
001 BR6002004
003 BR-BrBNA
005 20240918172847.0
007 ta
008 230509b bl.||||| |||| 00| 0 por d
040 _aBR-BrBNA
_bpor
_cBiblioteca Nacional de Agricultura
041 _a(Pt)
072 _aF30; E70
_b1300
090 _aF30 BR6002004
100 1 _aNagai, K.
111 1 _a3. Seminario Brasileiro de Sementes
_cRecife, PE (Brazil)
_d14 Sep 1970
245 1 _aPrincipais caracteristicas das variedades e hibridos de hortalicas [comercializacao]
260 3 _aRio de Janeiro, GB (Brasil):
_c1972.
500 _aAnais do 3. Seminario Brasileiro de Sementes Rio de Janeiro, GB (Brasil): 1972. p. 267-273 (BR6002004-AM)F30
650 _aMELHORAMENTO GENETICO VEGETAL
650 _aCOMERCIALIZACAO
650 _aHORTALICA
650 _aVARIEDADE
650 _aHIBRIDO
773 0 _tAnais do 3. Seminario Brasileiro de Sementes
_wF30 BR6002004
_gRio de Janeiro, GB (Brasil), 1972. p. 267-273
909 _a202404
_bLucia
_c55
_dLucia Elande
942 _cAM
_2AGRIS
999 _c301782
_d301782